00301nam a2200109Ia 4500008004100000245007700041260003200118260000900150300001000159500000900169650001300178170224s9999 xx 000 0 und d aNewsCAP: Updated clinical practice guidelines on carpal tunnel syndrome. bAmerican Journal of Nursing c2016 a116:6 aJune xNursing.